00387nam a2200157Ia 4500008004100000020001800041245002400059245004900083260001500132260001600147260000900163300001400172300002500186300001000211500000800221170705s9999 xx 000 0 und d a9780545054546 aMerry unchristmas / cby Mike Reiss ; illustrated by David Catrow. aNew York : bScholastic, c2006 aunpaged : bcolor illustration ; c20cm. a680